[Event "Etna op 2nd"]
[Site "Nicolosi"]
[Date "2015.12.06"]
[Round "4"]
[White "Morello, Guido"]
[Black "Darmanin, Jake"]
[Result "1/2-1/2"]
[WhiteElo "2048"]
[BlackElo "1995"]
[PlyCount "86"]
[EventDate "2015.12.04"]
[EventType "swiss"]
[EventRounds "7"]
[EventCountry "ITA"]
[SourceTitle "CBM 170 Extra"]
[Source "ChessBase"]
[SourceDate "2016.02.25"]
[SourceVersion "1"]
[SourceVersionDate "2016.02.25"]
[SourceQuality "1"]

1. e4 g6 2. d4 Bg7 3. f4 c5 4. Nf3 cxd4 5. Bc4 Qa5+ 6. Nbd2 Nc6 7. 0-0 Qc5 8. Kh1 Nh6 9. Qe2 Qh5 10. Re1 d6 11. Qd3 Ng4 12. Qb3 0-0 13. Nf1 Na5 14. Qb5 Nxc4 15. Qxc4 Nf2+ 16. Kg1 Nxe4 17. Rxe4 d5 18. Ng3 dxc4 19. Nxh5 gxh5 20. Ne5 Be6 21. Rxd4 f6 22. Nf3 Rad8 23. Be3 Rxd4 24. Bxd4 b6 25. a4 Bf5 26. c3 Rb8 27. a5 Bc8 28. axb6 axb6 29. Ra7 Kf7 30. Kf2 Be6 31. Ra6 b5 32. Ra7 Bd5 33. Bc5 Rb7 34. Rxb7 Bxb7 35. Nd4 Ba6 36. Nc6 Bf8 37. Nd8+ Kg8 38. Ke3 Bc8 39. Nc6 Kf7 40. Bb4 Bd7 41. Nb8 Be8 42. Kd4 Bh6 43. g3 Bf8 1/2-1/2

[Event "Etna op 2nd"]
[Site "Nicolosi"]
[Date "2015.12.04"]
[Round "1"]
[White "Gilevich, Artem"]
[Black "Morello, Guido"]
[Result "1-0"]
[WhiteElo "2408"]
[BlackElo "2048"]
[PlyCount "171"]
[EventDate "2015.12.04"]
[EventType "swiss"]
[EventRounds "7"]
[EventCountry "ITA"]
[SourceTitle "CBM 170 Extra"]
[Source "ChessBase"]
[SourceDate "2016.02.25"]
[SourceVersion "1"]
[SourceVersionDate "2016.02.25"]
[SourceQuality "1"]

1. d4 d5 2. c4 c6 3. Nc3 Nf6 4. Bg5 e6 5. e3 Nbd7 6. cxd5 exd5 7. Bd3 Qb6 8. Qc2 h6 9. Bh4 Bd6 10. Nf3 0-0 11. g4 Re8 12. 0-0-0 Qa5 13. Kb1 b5 14. g5 hxg5 15. Nxg5 Ba6 16. Nxf7 Kxf7 17. Bg6+ Kf8 18. Bxe8 Rxe8 19. Rhg1 b4 20. Ne2 Ne4 21. Nc1 Bc4 22. Nb3 Qb5 23. f3 Nef6 24. Qg2 Re7 25. Nc1 b3 26. axb3 Bxb3 27. Nxb3 Qxb3 28. e4 dxe4 29. fxe4 Qg8 30. Bxf6 Nxf6 31. e5 Qh7+ 32. Qc2 Qxc2+ 33. Kxc2 Bxe5 34. dxe5 Rxe5 35. Rd8+ Kf7 36. Ra8 Re2+ 37. Kb3 Rxh2 38. Rxa7+ Ke6 39. Rgxg7 Rh6 40. Ra8 Kd6 41. Rd8+ Kc5 42. Rg5+ Nd5 43. Rb8 Kd6 44. Rbg8 Kc5 45. R8g6 Rh8 46. Rg8 Rh6 47. Rg4 Rh3+ 48. Rg3 Rh7 49. R8g7 Rh8 50. Rb7 Rh4 51. Ka3 Rh1 52. b3 Rh4 53. Rg6 Rh3 54. Re6 Rf3 55. Rh6 Rg3 56. Rb8 Nb6 57. Rh5+ Nd5 58. Rb4 Rc3 59. Re4 Rc2 60. Ra4 Rg2 61. Rc4+ Kb5 62. Rh8 Nb6 63. Rh5+ Nd5 64. Rh6 c5 65. Rh5 Rd2 66. Rc1 Rd3 67. Kb2 Rd2+ 68. Rc2 Rxc2+ 69. Kxc2 Nb4+ 70. Kd2 Nc6 71. Kc3 Nb4 72. Rh8 Nd5+ 73. Kd3 Nb4+ 74. Ke4 Nc6 75. Kd5 Ne7+ 76. Ke6 Nc6 77. Kd6 Kb6 78. Rc8 Na5 79. Kd5 Nb7 80. Rb8 Kc7 81. Rxb7+ Kxb7 82. Kxc5 Kc7 83. Kb5 Kb7 84. b4 Ka8 85. Kb6 Kb8 86. b5 1-0

[Event "London Classic op 6th"]
[Site "London"]
[Date "2014.12.08"]
[Round "1"]
[White "Morello, Guido"]
[Black "Stopa, Jacek"]
[Result "0-1"]
[WhiteElo "2029"]
[BlackElo "2521"]
[PlyCount "50"]
[EventDate "2014.12.08"]
[EventType "swiss"]
[EventRounds "9"]
[EventCountry "ENG"]
[SourceTitle "CBM 163 Extra"]
[Source "ChessBase"]
[SourceDate "2014.12.23"]
[SourceVersion "1"]
[SourceVersionDate "2014.12.23"]
[SourceQuality "1"]

1. e4 c5 2. Nf3 d6 3. Bb5+ Nd7 4. 0-0 a6 5. Bxd7+ Bxd7 6. Re1 Bg4 7. c4 Nf6 8. h3 Bh5 9. Nc3 e6 10. g4 Bg6 11. d4 Nd7 12. Qe2 Be7 13. Be3 h5 14. Rad1 Qc7 15. Bf4 cxd4 16. Nxd4 Ne5 17. b3 hxg4 18. hxg4 b5 19. Rc1 bxc4 20. Bxe5 dxe5 21. Nf3 Bb4 22. Nd2 Rh3 23. Na4 Qd8 24. Qxc4 Bxd2 25. Red1 Qh4 0-1

[Event "Barcelona Sants op 16th"]
[Site "Barcelona"]
[Date "2014.08.26"]
[Round "5"]
[White "Tallo Dominguez, Imar"]
[Black "Morello, Guido"]
[Result "1-0"]
[WhiteElo "2245"]
[BlackElo "2048"]
[PlyCount "76"]
[EventDate "2014.08.22"]
[EventType "swiss"]
[EventRounds "10"]
[EventCountry "ESP"]
[SourceTitle "CBM 162 Extra"]
[Source "ChessBase"]
[SourceDate "2014.10.17"]
[SourceVersion "1"]
[SourceVersionDate "2014.10.17"]
[SourceQuality "1"]

1. e4 c5 2. Nf3 e6 3. d4 cxd4 4. Nxd4 Nc6 5. Nc3 Qc7 6. g3 a6 7. Bg2 Nf6 8. 0-0 Be7 9. a4 0-0 10. Nb3 b6 11. f4 d6 12. g4 h6 13. h4 Nh7 14. g5 hxg5 15. hxg5 g6 16. Rf3 Rd8 17. Rh3 d5 18. Qg4 Kg7 19. Qh4 Rh8 20. exd5 exd5 21. Nxd5 Qd8 22. Nxe7 Nxe7 23. Rd3 Bd7 24. Bxa8 Nf8 25. Qxh8+ Kxh8 26. Be4 Qc8 27. Bd2 Bc6 28. Bxc6 Nxc6 29. Kf2 Kg8 30. Rh1 f6 31. Bc3 Qg4 32. gxf6 Kf7 33. Nd2 b5 34. axb5 axb5 35. Nf3 Qxf4 36. Rd5 b4 37. Rh4 Qc7 38. Ng5+ Kg8 1-0

[Event "Vienna Husek op-A"]
[Site "Vienna"]
[Date "2012.08.19"]
[Round "7"]
[White "Morello, Guido"]
[Black "Juhasz, Armin"]
[Result "0-1"]
[WhiteElo "2037"]
[BlackElo "2198"]
[PlyCount "28"]
[EventDate "2012.08.13"]
[EventType "swiss"]
[EventRounds "7"]
[EventCountry "AUT"]
[SourceTitle "EXT 2014"]
[Source "ChessBase"]
[SourceDate "2013.11.20"]
[SourceVersion "1"]
[SourceVersionDate "2013.11.20"]
[SourceQuality "1"]

1. e4 c5 2. a3 e6 3. b4 d5 4. e5 d4 5. bxc5 Nc6 6. Bb5 Bd7 7. Bxc6 Bxc6 8. Qg4 Nh6 9. Qh3 Qd5 10. Nf3 Qe4+ 11. Kd1 d3 12. Bb2 dxc2+ 13. Kc1 cxb1Q+ 14. Rxb1 Bxc5 0-1

[Event "Porto San Giorgio op 23rd"]
[Site "Porto San Giorgio"]
[Date "2011.08.26"]
[Round "7"]
[White "Morello, Guido"]
[Black "Del Nevo, Claudio"]
[Result "1-0"]
[WhiteElo "1942"]
[BlackElo "1831"]
[PlyCount "57"]
[EventDate "2011.08.21"]
[EventType "swiss"]
[EventRounds "9"]
[EventCountry "ITA"]
[SourceTitle "CBM 144 Extra"]
[Source "ChessBase"]
[SourceDate "2011.10.28"]
[SourceVersion "1"]
[SourceVersionDate "2011.10.28"]
[SourceQuality "1"]

1. e4 d6 2. d4 Nf6 3. Nc3 c6 4. f4 g6 5. Bd3 Bg7 6. Nf3 0-0 7. e5 dxe5 8. fxe5 Nd5 9. Nxd5 cxd5 10. Be3 b5 11. Qd2 a6 12. Bh6 Bg4 13. Bxg7 Kxg7 14. h3 Bxf3 15. gxf3 f6 16. f4 fxe5 17. dxe5 e6 18. h4 Nd7 19. h5 Nc5 20. hxg6 Nxd3+ 21. Qxd3 hxg6 22. 0-0-0 Rxf4 23. Rdg1 Qe8 24. Qh3 Rf5 25. Qh6+ Kf7 26. Qxg6+ Ke7 27. Rh7+ Kd8 28. Qxe8+ Kxe8 29. Rg8+ 1-0

[Event "Erice op 1st"]
[Site "Erice"]
[Date "2010.08.01"]
[Round "6"]
[White "Morello, Guido"]
[Black "Agnello, Francesco Claudio"]
[Result "1-0"]
[WhiteElo "1973"]
[BlackElo "1470"]
[PlyCount "63"]
[EventDate "2010.07.28"]
[EventType "swiss"]
[EventRounds "7"]
[EventCountry "ITA"]
[SourceTitle "EXT 2024"]
[Source "ChessBase"]
[SourceDate "2023.10.10"]
[SourceVersion "1"]
[SourceVersionDate "2023.10.10"]
[SourceQuality "1"]

1. e4 c5 2. a3 e6 3. b4 cxb4 4. axb4 Bxb4 5. c3 Bc5 6. d4 Bb6 7. Na3 d6 8. Qg4 Qf6 9. Nb5 Kd7 10. Nf3 Qg6 11. Qf4 Bc7 12. Nxc7 Kxc7 13. Ba3 e5 14. dxe5 dxe5 15. Qxe5+ Kd8 16. Rd1+ Bd7 17. Bb5 Nf6 18. Qe7+ Kc8 19. Qc5+ Nc6 20. 0-0 Nxe4 21. Qd5 Nf6 22. Qd6 Rd8 23. Bxc6 bxc6 24. Ne5 Ne4 25. Nxg6 Nxd6 26. Ne7+ Kb7 27. Bxd6 Bg4 28. f3 Be6 29. Rb1+ Ka6 30. Rfd1 f6 31. Nxc6 Rdc8 32. Rb4 1-0

[Event "Nicolo La Rosa op 15th"]
[Site "Mazara del Vallo"]
[Date "2007.08.10"]
[Round "1"]
[White "La Bella, Alessio"]
[Black "Morello, Guido"]
[Result "1/2-1/2"]
[WhiteElo "1452"]
[BlackElo "1752"]
[PlyCount "37"]
[EventDate "2007.08.10"]
[EventType "swiss"]
[EventRounds "6"]
[EventCountry "ITA"]
[SourceTitle "EXT 2011"]
[Source "ChessBase"]
[SourceDate "2010.11.26"]
[SourceVersion "1"]
[SourceVersionDate "2010.11.26"]
[SourceQuality "1"]

1. e4 c5 2. d3 Nc6 3. Nf3 d6 4. g3 g6 5. Bg2 Bg7 6. 0-0 Bg4 7. h3 Bd7 8. c3 Nf6 9. Re1 0-0 10. d4 cxd4 11. cxd4 e5 12. d5 Ne7 13. h4 Nh5 14. Ng5 h6 15. Nh3 Qc8 16. Kh2 f5 17. exf5 Bxf5 18. Nc3 Nf6 19. f3 1/2-1/2